The word : a novel /

Bibliographic Details
Main Author: Wallace, Irving, 1916-1990
Format: Book
Language:English
Published: New York : Simon & Schuster, [1972]
Edition:[Book club ed.].

MARC

Tag First Indicator Second Indicator Subfields
LEADER 00000cam a2200000 i 4500
001 in00000042662
005 20170426110306.0
008 790611s1972 nyu 00011 eng d
035 |a (OCoLC)05054037 
035 |9 AAF2141AM 
040 |a IEB  |c IEB  |d TXA  |d UtOrBLW 
049 |a TXAM  |c [1421172] 
050 4 |a PS3573.A426  |b W67 1972b 
090 |a PS3573.A426  |b W67 1972 
100 1 |a Wallace, Irving,  |d 1916-1990. 
245 1 4 |a The word :  |b a novel /  |c Irving Wallace. 
250 |a [Book club ed.]. 
264 1 |a New York :  |b Simon & Schuster,  |c [1972] 
264 4 |c ©1972 
300 |a 568 pages ;  |c 22 cm. 
336 |a text  |b txt  |2 rdacontent 
337 |a unmediated  |b n  |2 rdamedia 
338 |a volume  |b nc  |2 rdacarrier 
999 |a MARS 
999 f f |s 2ac4b10d-5fd1-3a6a-bca5-e4fce80aceac  |i 4f431bf0-e1df-3595-9a3a-a8ccfd1ad0ab  |t 0 
952 f f |p ric  |a Texas A&M University  |b Rellis Campus  |c Joint Library Facility  |s JLF  |d Remote Storage  |t 0  |e PS3573.A426 W67 1972  |h Library of Congress classification  |i unmediated -- volume  |m A14815114099 
998 f f |a PS3573.A426 W67 1972  |t 0  |l Remote Storage